007 Goldeneye Stages (N64) - Statistics

General Stats
  • This quiz has been taken 143 times
  • The average score is 14 of 20
Answer Stats
Mission Stage % Correct
Arkhangelsk Dam
95%
Cuba Jungle
87%
Arkhangelsk Facility
85%
St. Petersburg Train
82%
Arkhangelsk Runway
80%
Severnaya Bunker
77%
Severnaya Bunker
77%
St. Petersburg Streets
77%
St. Petersburg Archives
76%
Teotihuaca'n Aztec
74%
Cuba Cradle
72%
Monte Carlo Frigate
70%
Kyrgyzstan Silo
68%
St. Petersburg Statue
66%
Cuba Control
62%
St. Petersburg Depot
61%
Cuba Caverns
57%
Severnaya Surface
57%
Severnaya Surface
57%
el-Saghira Egyptian
50%
No matching quizzes found
Score Distribution
Percent of People with Each Score
Percentile by Number Answered
Your Score History
You have not taken this quiz